000 00462nam a22001817a 4500
005 20250415124445.0
008 250411b |||||||| |||| 00| 0 eng d
020 _a978-81-948330-6-2
041 _aeng
082 _a341.48 KAP-I
100 _aKAPOOR, DR.S.K
_95871
245 _aINTERNATIONAL LAW AND HUMAN RIGHTS
250 _a22ND ED. 2021
260 _aPRAYAGRAJ
_bCENTRAL LAW AGENCY
300 _a982;P
650 _aLEGAL STUDIES
_98608
942 _cBK
999 _c8743
_d8741